logo

Bir Sreshtho Munshi Abdur Rouf Library
Jhenaidah Cadet College

Ground rules : (Record no. 9775)

MARC details
000 -LEADER
fixed length control field 00858pam a2200289 4500
001 - CONTROL NUMBER
JCCL Control Number 9775
003 - CONTROL NUMBER IDENTIFIER
JCCL marc code BD - JhCC
005 - DATE AND TIME OF LATEST TRANSACTION
control field 20180401083229.0
008 - FIXED-LENGTH DATA ELEMENTS--GENERAL INFORMATION
fixed length control field 180329s2003 enkac 000 0 eng c
020 ## - INTERNATIONAL STANDARD BOOK NUMBER
International Standard Book Number 0953703258 (leather ed.)
020 ## - INTERNATIONAL STANDARD BOOK NUMBER
International Standard Book Number 0953703266
035 ## - SYSTEM CONTROL NUMBER
system control number (StEdNL)3780342
-- (BD - JhCC)9775
035 ## - SYSTEM CONTROL NUMBER
system control number (Uk)006891445
040 ## - CATALOGING SOURCE
Original cataloging agency StDuBDS
Modifying agency Uk
-- BD - JhCC
041 ## - LANGUAGE CODE
Language code of Book eng
082 04 - DEWEY DECIMAL CLASSIFICATION NUMBER
Classification number 796.358068
DDC Edition number 21
Author mark and Year GRO 2003
245 00 - TITLE STATEMENT
Title Ground rules :
Remainder of title a celebration of test cricket /
Statement of responsibility, etc edited by Barney Spender.
260 ## - PUBLICATION, DISTRIBUTION, ETC. (IMPRINT)
Place of publication, distribution, etc London :
Name of publisher, distributor, etc Dakini,
Date of publication, distribution, etc 2003.
300 ## - PHYSICAL DESCRIPTION
Pagination 463 p. :
Other physical details ill. (chiefly col.), ports. (some col.) ;
Dimensions 30 cm.
650 #0 - SUBJECT ADDED ENTRY--TOPICAL TERM
Topical term or geographic name as entry element Cricket grounds.
650 #0 - SUBJECT ADDED ENTRY--TOPICAL TERM
Topical term or geographic name as entry element Cricket players.
650 #0 - SUBJECT ADDED ENTRY--TOPICAL TERM
Topical term or geographic name as entry element Cricket
General subdivision Records.
650 #0 - SUBJECT ADDED ENTRY--TOPICAL TERM
Topical term or geographic name as entry element Test matches (Cricket)
General subdivision History.
700 1# - ADDED ENTRY--PERSONAL NAME
Personal name Spender, Barney.
942 ## - ADDED ENTRY ELEMENTS (KOHA)
Source of classification or shelving scheme Dewey Decimal Classification
Koha item type Reference
Holdings
Source of classification or shelving scheme Damaged status Not for loan Home library Current library Shelving location Date of accession Total Checkouts Full call number Barcode Date last seen Copy number Koha item type
Dewey Decimal Classification     JCC Rouf Library JCC Rouf Library General Stacks 03/29/2018   796.358068 GRO 2003 13251 03/29/2018 C-1 Reference

JCC Library | Contacts | JCC Home

Last Update on 23 September 2017
Copyright @ 2017-2020 JCC Rouf Library
Rouf Library, Jhenidah Cadet College (JCC), Bangladesh